Lilly's purple plastic purse / (Record no. 2268)

MARC details
000 -LEADER
fixed length control field 01030cam a2200301 a 4500
005 - DATE AND TIME OF LATEST TRANSACTION
control field 20250826142525.0
020 ## - INTERNATIONAL STANDARD BOOK NUMBER
International Standard Book Number 0688164374
040 ## - CATALOGING SOURCE
Original cataloging agency DLC
Transcribing agency DLC
Language of cataloging eng
050 00 - LIBRARY OF CONGRESS CALL NUMBER
Classification number PZ7.H389
Item number Li 1996b
082 00 - DEWEY DECIMAL CLASSIFICATION NUMBER
Classification number 813.5
Edition number 22
100 1# - MAIN ENTRY--PERSONAL NAME
Personal name Henkes, Kevin
245 10 - TITLE STATEMENT
Title Lilly's purple plastic purse /
Statement of responsibility, etc. by Kevin Henkes.
246 1# - VARYING FORM OF TITLE
Display text Title on container:
Title proper/short title Lilly book & toy box
246 3# - VARYING FORM OF TITLE
Title proper/short title Lilly book and toy box
250 ## - EDITION STATEMENT
Edition statement First Scholastic printing, January 2004
260 ## - PUBLICATION, DISTRIBUTION, ETC.
Place of publication, distribution, etc. New York :
Name of publisher, distributor, etc. Scholastic,
Date of publication, distribution, etc. 1996
300 ## - PHYSICAL DESCRIPTION
Extent 30 unnumbered pages :
Other physical details Illustrations
Dimensions 26 cm
505 ## - FORMATTED CONTENTS NOTE
Formatted contents note K
520 ## - SUMMARY, ETC.
Summary, etc. Lilly loves everything about school, especially her teacher, but when he asks her to wait a while before showing her new purse, she does something for which she is very sorry later.
521 ## - TARGET AUDIENCE NOTE
Target audience note 600
Source Lexile
521 ## - TARGET AUDIENCE NOTE
Target audience note K
Source Raz-Plus
650 #1 - SUBJECT ADDED ENTRY--TOPICAL TERM
Topical term or geographic name entry element Schools
Form subdivision Fiction.
650 #1 - SUBJECT ADDED ENTRY--TOPICAL TERM
Topical term or geographic name entry element Teachers
Form subdivision Fiction.
650 #1 - SUBJECT ADDED ENTRY--TOPICAL TERM
Topical term or geographic name entry element Mice
Form subdivision Fiction.
906 ## - LOCAL DATA ELEMENT F, LDF (RLIN)
a 7
b cbc
c orignew
d 1
e ocip
f 20
g y-gencatlg
942 ## - ADDED ENTRY ELEMENTS (KOHA)
Source of classification or shelving scheme Dewey Decimal Classification
Koha item type Books
Suppress in OPAC No
999 ## -
-- 2268
-- 2268
Holdings
Withdrawn status Lost status Source of classification or shelving scheme Damaged status Not for loan Collection Home library Current library Shelving location Date acquired Total Checkouts Full call number Barcode Date last seen Date last checked out Price effective from Koha item type Copy number
    Dewey Decimal Classification     Juvenile Fiction Footprints International School Library Network Toul Kork Campus Footprints International School Library Network Toul Kork Campus TK Primary Library Room(4th Floor), Bookcase 3&4, Shelves 17-32, Yellow Books 11/14/2023 1 HEN 813.5 PZ7.H389 FISTK01860 04/03/2026 03/20/2026 11/14/2023 Books  
    Dewey Decimal Classification     Juvenile Fiction Footprints International School Library Network Toul Tom Poung Campus Footprints International School Library Network Toul Tom Poung Campus TTP Primary Yellow Bookshelves 08/26/2025 1 HEN 813.5 PZ7.H389 FISBK06256 04/03/2026 03/27/2026 08/26/2025 Books 2